000 00759nas a2200301 4500
001 BR9207198
003 BR-BrBNA
005 20231205095004.0
007 ta
008 230509b bl.|||p| |||| 00| 00por d
040 _aBR-BrBNA
_bpor
_cBiblioteca Nacional de Agricultura
041 _a(Pt)
072 _aQ52
100 1 _aAndrade, J.B. de
245 1 _aProducao de silagem
650 _aSilagem
650 _aCapineira
650 _aFenacao
650 _aEnsilagem
650 _aSilo
650 _aSorgo
650 _aMilho
650 _aAdubacao
650 _aPratico
773 0 _tGado Holandes (Brazil)
_xISSN 1010-7977
_g(Apr 1992), v. 58(403) p. 10-13
_wBR9207198
909 _a202311
_bLúcia
_c55
_dLúcia Elande
942 _2AGRIS
_n0
_cANA
999 _c148111
_d148111